Cívica 1 : (Registro nro. 47645)
[ vista simple ]
| 000 -CABECERA | |
|---|---|
| campo de control de longitud fija | 00867nam a2200265 a 4500 |
| 001 - NÚMERO DE CONTROL | |
| campo de control | 000048157 |
| 003 - IDENTIFICADOR DEL NÚMERO DE CONTROL | |
| campo de control | DO-SdBNP |
| 005 - FECHA Y HORA DE LA ÚLTIMA TRANSACCIÓN | |
| campo de control | 20230412135533.0 |
| 007 - CAMPO FIJO DE DESCRIPCIÓN FÍSICA--INFORMACIÓN GENERAL | |
| campo de control de longitud fija | ta |
| 008 - DATOS DE LONGITUD FIJA--INFORMACIÓN GENERAL | |
| campo de control de longitud fija | 181204s2012 dr a 000 0 spa d |
| 020 ## - NÚMERO INTERNACIONAL ESTÁNDAR DEL LIBRO | |
| Número Internacional Estándar del Libro | 9789945116540 |
| 040 ## - FUENTE DE LA CATALOGACIÓN | |
| Centro catalogador/agencia de origen | DO-SdBNP |
| Lengua de catalogación | spa |
| Centro/agencia transcriptor | BNPHU |
| 082 #4 - NÚMERO DE LA CLASIFICACIÓN DECIMAL DEWEY | |
| Número de edición | 22 |
| 100 1# - ENTRADA PRINCIPAL--NOMBRE DE PERSONA | |
| Nombre de persona | Capellán Almonte, Fanny |
| 9 (RLIN) | 29766 |
| 245 10 - MENCIÓN DE TÍTULO | |
| Título | Cívica 1 : |
| Resto del título | educación básica / |
| Mención de responsabilidad, etc. | Fanny Capellán Almonte ; editora Margarita Castro Catrain ; ilustración Ruddy Núñez. |
| 260 ## - PUBLICACIÓN, DISTRIBUCIÓN, ETC. | |
| Lugar de publicación, distribución, etc. | Santo Domingo : |
| Nombre del editor, distribuidor, etc. | Santillana, |
| Fecha de publicación, distribución, etc. | 2012. |
| 300 ## - DESCRIPCIÓN FÍSICA | |
| Extensión | 2v. : |
| Otras características físicas | il., ; |
| Dimensiones | 28 cm. |
| 490 0# - MENCIÓN DE SERIE | |
| Mención de serie | Santillana |
| 490 0# - MENCIÓN DE SERIE | |
| Mención de serie | innova |
| 505 0# - NOTA DE CONTENIDO CON FORMATO | |
| Información miscelánea | v.1. |
| Título | Libro texto-- |
| Información miscelánea | v.2. |
| Título | Edición anotada, para el profesor y la profesora |
| 590 ## - NOTA LOCAL (RLIN) | |
| Nota local | Inventariado, 2018/MFF |
| 700 1# - PUNTO DE ACCESO ADICIONAL--NOMBRE DE PERSONA | |
| Nombre de persona | Castro Castrain, Margarita, |
| Término indicativo de función/relación | ed. |
| 9 (RLIN) | 75608 |
| 700 1# - PUNTO DE ACCESO ADICIONAL--NOMBRE DE PERSONA | |
| Nombre de persona | Núñez, Ruddy, |
| Término indicativo de función/relación | il. |
| 9 (RLIN) | 23171 |
| 942 ## - ELEMENTOS DE PUNTO DE ACCESO ADICIONAL (KOHA) | |
| Fuente del sistema de clasificación o colocación | Dewey Decimal Classification |
| Tipo de ítem Koha | Libro |
| Estado de retiro | Estado de pérdida | Fuente del sistema de clasificación o colocación | Restricciones de uso | No para préstamo | Código de colección | Localización permanente | Ubicación/localización actual | Ubicación en estantería | Fecha de adquisición | Código de barras | Fecha visto por última vez | Número de copia | Precio válido a partir de | Tipo de ítem Koha |
|---|---|---|---|---|---|---|---|---|---|---|---|---|---|---|
| Dewey Decimal Classification | Excluido de préstamo | Patrimonio Dominicano | Biblioteca Nacional Pedro Henríquez Ureña | Biblioteca Nacional Pedro Henríquez Ureña | Depósito | 04.12.2018 | 48157-30 | 25.06.2020 | e.3 | 25.06.2020 | Libro | |||
| Dewey Decimal Classification | Préstamo en sala | Dominicana de Servicio | Biblioteca Nacional Pedro Henríquez Ureña | Biblioteca Nacional Pedro Henríquez Ureña | Depósito | 04.12.2018 | 48157-60 | 25.06.2020 | v.2, e.3 | 25.06.2020 | Libro | |||
| Dewey Decimal Classification | Excluido de préstamo | Patrimonio Dominicano | Biblioteca Nacional Pedro Henríquez Ureña | Biblioteca Nacional Pedro Henríquez Ureña | Depósito | 04.12.2018 | 48157-10 | 25.06.2020 | v.1 | 25.06.2020 | Libro | |||
| Dewey Decimal Classification | Excluido de préstamo | Patrimonio Dominicano | Biblioteca Nacional Pedro Henríquez Ureña | Biblioteca Nacional Pedro Henríquez Ureña | Depósito | 04.12.2018 | 48157-20 | 25.06.2020 | v.1, e.2 | 25.06.2020 | Libro | |||
| Dewey Decimal Classification | Excluido de préstamo | Patrimonio Dominicano | Biblioteca Nacional Pedro Henríquez Ureña | Biblioteca Nacional Pedro Henríquez Ureña | Depósito | 04.12.2018 | 48157-40 | 25.06.2020 | v.2 | 25.06.2020 | Libro | |||
| Dewey Decimal Classification | Excluido de préstamo | Patrimonio Dominicano | Biblioteca Nacional Pedro Henríquez Ureña | Biblioteca Nacional Pedro Henríquez Ureña | Depósito | 04.12.2018 | 48157-50 | 25.06.2020 | v.2, e.2 | 25.06.2020 | Libro |
